000 00399nam a2200157Ia 4500
003 Ost
005 20260225132555.0
008 260225s9999||||xx |||||||||||||| ||und||
040 _cfsic
041 _afre
082 _a440
100 _aPascal Petit
_eAuteur
245 0 _aL'Economie de l'information :
245 0 _bles enseignements des théories économiques /
_cPascal Petit
942 _cكتاب
999 _c34405
_d34405